Finance for all? policies and pitfalls in expanding access
Uložené v:
| Médium: | Kniha |
|---|---|
| Jazyk: | English |
| Vydavateľské údaje: |
Washington, D.C.
<The> World Bank
2008
|
| Edícia: | <A> World Bank policy research report
|
| Predmet: | |
| Tagy: |
Žiadne tagy, Buďte prvý, kto otaguje tento záznam!
|
MARC
| LEADER | 00000nam$a2200000$$$4500 | ||
|---|---|---|---|
| 001 | 0068554 | ||
| 005 | 20240315115255.3 | ||
| 020 | |a 978-0-8213-7291-3 | ||
| 041 | 0 | |a eng | |
| 044 | |a US | ||
| 245 | 1 | 0 | |a Finance for all? |b policies and pitfalls in expanding access |
| 264 | 1 | |a Washington, D.C. |b <The> World Bank |c 2008 | |
| 300 | |a 246 s. | ||
| 490 | 1 | |a <A> World Bank policy research report | |
| 830 | 0 | |a <A> World Bank policy research report | |
| 610 | 2 | 0 | |a financie |
| 610 | 2 | 0 | |a politika finančná |
| 610 | 2 | 0 | |a služby finančné |
| 610 | 2 | 0 | |a teórie ekonomické |
| 610 | 2 | 0 | |a ukazovatele |
| 610 | 2 | 0 | |a politika hospodárska |
| 610 | 2 | 0 | |a transformácia |
| 610 | 2 | 0 | |a banky |
| 610 | 2 | 0 | |a domácnosti |
| 610 | 2 | 0 | |a riziko |
| 610 | 2 | 0 | |a krajiny rozvojové |
| 610 | 2 | 0 | |a chudoba |
| 610 | 2 | 0 | |a podnikanie drobné |
| 610 | 2 | 0 | |a intervencionizmus štátny |
| 610 | 2 | 0 | |a trh |
| 610 | 2 | 0 | |a ekonómia politická |